| 000 | 01120nam a2200301 i 4500 | ||
|---|---|---|---|
| 001 | bg | ||
| 100 | 1 | _aGOŁUBOWSKI, Wojciech | |
| 245 | 1 | 0 |
_aOdpowiedzi na pytania egzaminacyjne dla kandydatów na doradców podatkowych. : _bpytania otwarte. _nT. 8, _pDział VII / _cWojciech Gołubowski, Renata Zielonka ; Forum Doradców Podatkowych. |
| 260 |
_aKraków : _bFDP, _c2004. |
||
| 300 |
_a31 s. ; _c30 cm. |
||
| 650 | 9 |
_aDoradztwo podatkowe _xprawo _zPolska _ystan na 2004 r. |
|
| 650 | 9 | _aEgzaminy zawodowe | |
| 650 | 9 |
_aCło _xprawo _zPolska _ystan na 2004 r. |
|
| 650 | 9 |
_aDewizy _xprawo _zPolska _ystan na 2004 r. |
|
| 655 | _aĆwiczenia i zadania | ||
| 700 | 1 | _aZIELONKA, Renata | |
| 710 | 0 | _aForum Doradców Podatkowych | |
| 020 | _a8389359308 | ||
| 020 | _a8389359286 (t.8) | ||
| 040 | _cBPK | ||
| 041 | 0 | _apol | |
| 080 | _a336.221.24:343::336:351.077.3:346.5/.6](438)(079) | ||
| 920 | _a83-89359-30-8 | ||
| 920 | _a83-89359-28-6 (t.8) | ||
| 942 | _cKA | ||
| 008 | s pl f |000 0 pol | ||
| 999 |
_c35112 _d35112 |
||
| 856 |
_uhttp://koha.tu.koszalin.pl/cgi-bin/koha/opac-detail.pl?biblionumber=35112 _yKatalog online BPK |
||